000
00265nam a2200109Ia 4500
008
190913s9999||||xx |||||||||||||| ||und||
100
_a
Kenneth C
245
3
_a
An Introduction to Computer Networking
260
_a
India
_b
Pearson
_c
1999
300
_a
570
942
_c
BK
999
_c
8338
_d
8338